Netherlands world cup squad 2022 - Statistics

General Stats
  • This quiz has been taken 10 times
  • The average score is 12 of 26
Answer Stats
Hint Answer % Correct
Df Liverpool Virgil van Dijk
90%
Mf Fc Barcelona Frenkie de Jong
80%
Df Bayern Munich Matthijs de Ligt
70%
Fw Fc Barcelona Memphis Depay
70%
Df Inter Denzel Dumfries
60%
Mf Atalanta Bergamo Marten de Roon
60%
Df Manchester city Nathan Ake
60%
Df Bayer Leverkussen Jeremy Frimpong
50%
Fw Psv Luuk de Jong
50%
Gk Ajax Remko Pasveer
50%
Df Inter Stefan de Vrij
50%
Fw Psv Cody Gakpo
40%
Df Ajax Daley Blind
40%
Df Ajax Jurrien Timber
40%
Gk Feyenoord Justin Bijlow
40%
Fw Club Brugge Noa Lang
40%
Mf Ajax Steven Berghuis
40%
Mf Atalanta Bergamo Teun Koopmeiners
40%
Df Manchester United Tyrell Malacia
40%
Fw Royal Antwerp Vincent Janssen
40%
Gk Heerenveen Andries Noppert
30%
Mf Ajax Davy Klaassen
30%
Fw Ajax Steven Bergwijn
30%
Fw Besiktas Wout Weghorst
30%
Mf Psv Xavi Simons
30%
Mf Ajax Kenneth Taylor
20%
No matching quizzes found
Score Distribution
Percent of People with Each Score
Percentile by Number Answered
Your Score History
You have not taken this quiz